US Open Champions - Statistics

General Stats
  • This quiz has been taken 1,494 times
    659 since last reset
  • The average score is 41 of 57
Answer Stats
Year Player % Correct
2011 Novak Djokovic
98%
2015 Novak Djokovic
98%
2018 Novak Djokovic
98%
2023 Novak Djokovic
98%
2010 Rafael Nadal
98%
2013 Rafael Nadal
98%
2017 Rafael Nadal
98%
2019 Rafael Nadal
98%
2004 Roger Federer
97%
2005 Roger Federer
97%
2006 Roger Federer
97%
2007 Roger Federer
97%
2008 Roger Federer
97%
2012 Andy Murray
88%
1990 Pete Sampras
87%
1993 Pete Sampras
87%
1995 Pete Sampras
87%
1996 Pete Sampras
87%
2002 Pete Sampras
87%
1994 Andre Agassi
86%
1999 Andre Agassi
86%
2022 Carlos Alcaraz
85%
1979 John McEnroe
84%
1980 John McEnroe
84%
1981 John McEnroe
84%
1984 John McEnroe
84%
2024 Jannik Sinner
78%
2021 Daniil Medwedew
74%
2016 Stan Wawrinka
71%
1974 Jimmy Connors
70%
1976 Jimmy Connors
70%
1978 Jimmy Connors
70%
1982 Jimmy Connors
70%
1983 Jimmy Connors
70%
1989 Boris Becker
68%
2009 Juan Martín del Potro
68%
2003 Andy Roddick
67%
1985 Ivan Lendl
64%
1986 Ivan Lendl
64%
1987 Ivan Lendl
64%
1968 Arthur Ashe
63%
1969 Rod Laver
63%
2020 Dominic Thiem
60%
2001 Lleyton Hewitt
59%
2014 Marin Čilić
58%
1991 Stefan Edberg
56%
1992 Stefan Edberg
56%
1988 Mats Wilander
49%
2000 Marat Safin
45%
1972 Ilie Năstase
41%
1997 Patrick Rafter
41%
1998 Patrick Rafter
41%
1973 John Newcombe
38%
1971 Stan Smith
36%
1977 Guillermo Vilas
28%
1970 Ken Rosewall
27%
1975 Manuel Orantes
13%
No matching quizzes found
Score Distribution
Percent of People with Each Score
Percentile by Number Answered
Your Score History
You have not taken this quiz since the last reset